Responses for Show #583 - Wednesday, March 4, 1987

Contestants

[<< previous game]

Judy Goodnight, a pre-kindergarten teacher from Memphis, Tennessee

Bob Skutelsky, a computer graphic designer from Topanga, California

Mark Bennett, a lawyer and federal prosecutor from Honolulu, Hawaii (whose 1-day cash winnings total $10,000)

[next game >>]

Jeopardy! Round responses

WORLD HISTORY
BOGART & BACALL
MEDICINES
ARTILLERY
STARTS WITH "R"
HOW TO...
    $100 1
Cambodia

Mark
    $100 10
Leslie Howard

Bob
    $100 9
Pepto Bismol

Bob
    $100 26
a battery

Mark
    $100 3
rattles

Judy
    $100 21
how do you cross a street

Judy
    $200 2
China

Judy
    $200 11
Bogie's boat (sailing vessel)

Triple Stumper
    $200 15
(Judy: What is peppermint?)
(Alex: More specific.)
(Judy: What is spearmint?)
...
(Alex: Going for something very specific.)
(Mark: What is peppermint candy?)

chewing gum

MarkJudy
Triple Stumper
    $200 4
a robot

Judy
    $200 22
how do you make a telephone call

Judy
    $300 8
(Mark: What is the Rand?)
(Bob: What is a Kruggerand?)

the Kruger

MarkBobJudy
    $300 12
(Alex: He was 46; she was 20.)

the groom (him)

Judy
    $300 16
stopping bleeding

Judy
    $300 5
radio

Bob
    $300 23
(Bob: How do you remember, uh, when to change the clock backwards and forwards?)
(Alex: That's it. For what?)
(Bob: [*].)
(Alex: We've got less than a minute to go in the round.)

change the clock for daylight saving time

Bob
    $400 19
the Marines

Mark
    $400 13
Edward G. Robinson

Bob
    $400 17
thalidomide

Mark
    $400 6
Rhode Island

Judy
    $400 24
[Laughter before Alex finishes reading the clue]

how do you find Al Capone's vault (how do you imitate Geraldo Rivera)

Bob
    $500 20
(Mark: Who is Louis XVI?)

Louis XIV

MarkBob
    $500 14
(Alex: Yeah, you know how to whistle, don't you; you put your lips together and blow.)

To Have and Have Not

Judy
    $100 18
(Mark: What is... aspirin?)

Tylenol

Mark
    $500 27
[The end-of-round signal sounds.]

a trajectory

Bob
    $500 7
(Bob: What is rancid?)

rank

MarkBob
    $500 25
how do tell times on a sundial

Judy

Scores at the first commercial break (after clue 14):

Mark Bob Judy
$300 $100 $2,000

Scores at the end of the Jeopardy! Round:

Mark Bob Judy
$400 $1,800 $2,900

Double Jeopardy! Round responses

STATE CAPITALS
ARCHITECTURE
THE UNITED NATIONS
LITERATURE
COOKING
BLUE SONGS
    $200 2
(Mark: What is Hawaii?)
(Alex: The man from Hawaii comes up with the correct response. Nice going. Whoops! You didn't say [*] and I just blew it for the other players...)

Honolulu

Mark
Triple Stumper
    $200 1
the United Nations Charter

Judy
    $200 7
the House of the Seven Gables

Judy
    $200 20
(Alex: [After the next clue selection] With a minute to go.)

corn oil

Mark
    $200 10
"Love Is Blue"

Judy
    $400 3
Illinois

Bob
    $400 25
Basilica

Judy
    $400 13
(Mark: What is Vietnam?)

North & South Korea

Mark
Triple Stumper
    $400 8
(Sinclair) Lewis

Mark
    $400 23
salt

Bob
    $100 17
"The Blue Tango"

Mark
    $600 4
Atlanta

Judy
    $600 19
(the Corinthian) columns

Judy
    $600 14
(Alex: [*] in the Netherlands, yes.)

The Hague

Mark
    $600 9
Faulkner

Bob
    $600 26
[The end-of-round signal sounds.]

asparagus

Mark
    $600 18
"Blues In The Night"

Triple Stumper
    $800 5
(Bob: What is Bismarck?)

Chancellor of Germany

Bob
Triple Stumper
    $800 21
the Ramada Inn

Bob
    $500 15
the United States, the Soviet Union, England, France, the People's Republic of China

Mark
    $800 11
(Mark: What is diamond in the rough?)

the Moonstone

Mark
Triple Stumper
    $800 22
"Blue Moon"

Judy
    $1000 6
Dover

Judy
    $1000 16
(Mark: What is Esperanto?)

Arabic

Mark
Triple Stumper
    $1000 12
(Bob: Who is Paul Bunyan?)
(Mark: Who is Bunyan?)
(Alex: Be more specific.)

John Bunyan

MarkBob
    $1000 24
"The Birth Of The Blues"

Bob

Scores at the end of the Double Jeopardy! Round:

Mark Bob Judy
$1,400 $3,200 $6,900
(lock game)

[wagering suggestions for these scores]

Final Jeopardy! Round responses

LETTER PERFECT
(Alex: [To Mark] What are ABCDEFGH and a question mark.)
(Mark: And above the H.)
...
(Alex: Well, you're wrong; I stopped counting after the first six.)
...
(Alex: All of you forgot that there are usually three letters with each number, except the number 1 has no letters at all; so [*] is over the 2, [**] over the 3.)
MarkWhat are ABCDEFGHJ?
$1,300
BobWhat are Abcdefghi
$2,300
JudyWhat are ABCDEFGHI?
$100
ABC, DEF

Final scores:

Mark Bob Judy
$100 $900 $6,800
3rd place: Jules Jurgensen his & hers watches 2nd place: Ensoniq electronic piano & Zenith 9" color TV New champion: $6,800

Game dynamics:

Coryat scores:

Mark Bob Judy
$2,100 $3,200 $6,900
12 R
(including 2 DDs),
8 W
(including 1 DD)
13 R,
4 W
19 R,
1 W

Combined Coryat: $12,200

[game clues] [game scores] [suggest correction]

Game tape date: 1986-11-12
The J! Archive is created by fans, for fans. Scraping, republication, monetization, and malicious use prohibited; this site may use cookies and collect identifying information. See terms. The Jeopardy! game show and all elements thereof, including but not limited to copyright and trademark thereto, are the property of Jeopardy Productions, Inc. and are protected under law. This website is not affiliated with, sponsored by, or operated by Jeopardy Productions, Inc. Join the discussion at JBoard.tv.